000 004770000a22001810004500
003 MACL
005 20160112153409.0
008 160112b xxu||||| |||| 00| 0 eng d
040 _aMACL
_cMACL
041 _aEnglish
082 _a923.6/NAG
100 _aNag, Jamuna
_915522
245 _aRaja Rammohun Roy
_bIndia's great social reformer
260 _bSterling Publishers P Ltd
_c1972
_aNew Delhi
350 _a16
650 _aBiography
_931485
942 _cBK
_k923.6/NAG
_2ddc
999 _c35970
_d35970